Statistics for Common Diseases Abbreviations

Click here to take the quiz!

General Stats

  • This quiz has been taken 14 times
  • The average score is 5 of 16

Answer Stats

AbbreviationAnswer% Correct
MSMultiple Sclerosis
89%
DVTDeep Vein Thrombosis
67%
MIMyocardial Infarction
44%
OAOsteoarthritis
44%
CaCancer
33%
CCFCongestive Cardiac Failure
33%
GORDGastroesophageal Reflux Disease
33%
IHDIschaemic Heart Disease
33%
URTIUpper Respiratory Tract Infection
33%
COPDChronic Obstructive Pulmonary Disease
22%
CVACerebrovascular Accident
11%
HTHypertension
11%
NIDDMNon-Insulin Dependent Diabetes Mellitus
11%
PDParkinsons Disease
11%
IDDMInsulin Independent Diabetes Mellitus
0%
OPOsteoperosis
0%

Score Distribution

Percentile by Number Answered

Percent of People with Each Score

Your Score History

You have not taken this quiz